Pengaruh peristiwa Isra' dan Mikraj terhadap kehidupan orang Islam : suatu kajian di Kota Bharu Kelantan /
محفوظ في:
| المؤلف الرئيسي: | |
|---|---|
| التنسيق: | أطروحة كتاب |
| اللغة: | Malay |
| الموضوعات: | |
| الوسوم: |
إضافة وسم
لا توجد وسوم, كن أول من يضع وسما على هذه التسجيلة!
|
| LEADER | 01552cam a2200373 a 4500 | ||
|---|---|---|---|
| 001 | u759065 | ||
| 003 | SIRSI | ||
| 008 | 080812s2007 my t 000 0 may m | ||
| 005 | 20080812161000.0 | ||
| 040 | |a UMM UMA |e rda | ||
| 043 | |a a-my-kn | ||
| 090 | |a BP42 |b A2 UM 2007 Mohyy | ||
| 094 | |a BP42 |b A2 UM 2007 Mohyy | ||
| 100 | 0 | |a Mohd Yusri Yusuf |e author. | |
| 245 | 1 | 0 | |a Pengaruh peristiwa Isra' dan Mikraj terhadap kehidupan orang Islam : |b suatu kajian di Kota Bharu Kelantan / |c Mohd Yusri Yusuf. |
| 264 | 1 | |c 2007. | |
| 264 | 4 | |c 2007. | |
| 300 | |a xviii, 225, [2] leaves : |b illustrations ; |c 30 cm. | ||
| 336 | |a text |2 rdacontent | ||
| 337 | |a unmediated |2 rdamedia | ||
| 338 | |a volume |2 rdacarrier | ||
| 500 | |a AIUM. | ||
| 502 | |a Dissertation (M.Usuluddin) -- Jabatan Sejarah dan Tamadun Islam, Akademi Pengajian Islam, Universiti Malaya, 2008. | ||
| 504 | |a Bibliography: leaves 214-225. | ||
| 600 | 0 | 0 | |a Muhammad, |c Prophet, |d d. 632 |x Miracles. |
| 650 | 0 | |a Isra' and Mi'raj. | |
| 650 | 0 | |a Islam |x Doctrines. | |
| 651 | 0 | |a Kelantan |z Kota Bharu |x Social conditions. | |
| 710 | 2 | |a Universiti Malaya. |b Jabatan Sejarah dan Tamadun Islam. | |
| 900 | |a RM | ||
| 596 | |a 1 12 18 | ||
| 999 | |a BP42 A2 UM 2007 MOHYY |w LC |c 1 |i A513259431 |d 31/10/2019 |e 31/10/2019 |f 1/10/2009 |g 1 |l STACKS |m P01UTAMA |n 4 |r Y |s Y |t TESIS |u 2/7/2009 | ||
| 999 | |a BP42 A2 UM 2007 MOHYY |w LC |c 1 |i A512987825 |l RESERVES |m P18ISLPURI |r Y |s Y |t TESIS |u 9/7/2009 | ||
| 999 | |a BP42 A2 UM 2007 MOHYY |w LC |c 1 |i A513162713 |d 5/8/2019 |e 5/8/2019 |f 24/11/2009 |g 1 |l STACKS |m P12ISLAMKL |n 7 |r Y |s Y |t TESIS |u 24/11/2009 | ||
